00448nam a2200181Ia 4500003000900000008004100009040001300050040001300063041000800076100002800084245008200112250001000194260002600204260000900230300001100239300001000250490000600260IT-RoPAU120407s9999 xx 000 0 und d aIT-RoPAU cIT-RoPAU afra aJean-Jacques von Allmen aVocabulaire biblique, publié sous la direction de Jean - Jacques von Allmen aParis aDelachaux & Niestlé c1954 a314 p. c24 cm v1